000 00461nam a2200181Ia 4500
001 17126
005 20260306170402.0
008 260306t2016||||xx |||||||||||||| ||und||
041 _aESP
082 _a657.46
_bB45
100 _aBernal Rojas, Josué
_eAUT
245 0 _aDepreciación del activo fijo:
_bincidencia tributaria, contable
260 _c2016
300 _a32 páginas :
_c24 cm.
650 _aGEN
654 _aCCO
942 _cLIB
_dJUS
_fJUS
_2ddc
_n
999 _c17126
_d17126